| 000 | 00608nab a2200181 4500 | ||
|---|---|---|---|
| 001 | 244442 | ||
| 003 | OSt | ||
| 005 | 20250703112017.0 | ||
| 007 | tu | ||
| 008 | 200917s2020||||||| | ||
| 040 |
_aDE-2950 _cDE-2950 |
||
| 245 | 0 | 0 |
_aEine neue Schule für Frankfurt _bBildung. Es ist amtlich: Frankfurt bekommt eine dritte Oberschule. Entstehen soll die Einrichtung im alten bbw-Gebäude neben dem OSZ/ _cThomas Gutke |
| 264 | _c2024 | ||
| 653 | _aFrankfurt (Oder) | ||
| 653 | _aDritte Oberschule | ||
| 773 | 0 |
_g36. Jahrgang (2025) Nr. 145 vom 25.06.2025, S. 13 mit Foto _tMärkische Oderzeitung |
|
| 942 |
_2z _cA |
||
| 999 |
_c373859 _d373859 |
||